Leadership in organizations / (Record no. 3572)

MARC details
000 -LEADER
fixed length control field 01133cam a22001934a 4500
020 ## - INTERNATIONAL STANDARD BOOK NUMBER
ISBN 0131494848 (hardback : alk. paper)
050 00 - CALL NUMBER
Classification number HD57.7
Item number .Y85 2006
100 1# - AUTHOR
Personal name Yukl, Gary A.,
245 10 - TITLE
Title Leadership in organizations /
Statement of responsibility, etc Gary Yukl.
250 ## - EDITION
Edition statement 6th ed.
260 ## - PUBLICATION INFORMATION
Place of publication Upper Saddle River, NJ :
Name of publisher Pearson/Prentice Hall,
Year of publication c2006.
300 ## - DESCRIPTION
Number of Pages xvi, 542 p. :
Other physical details ill. ;
Dimensions 25 cm.
500 ## - NOTES
General note Includes index
505 0# - FORMATTED CONTENTS NOTE
Table of Content Introduction : the nature of leadership -- The nature of managerial work -- Perspectives on effective leadership behavior -- Participative leadership, delegation, and empowerment -- Dyadic role making, attributions, and followership -- Power and influence -- Managerial traits and skills -- Early contingency theories of effective leadership -- Charismatic and transformational leadership -- Leading change in organizations -- Leadership in teams and decision groups -- Strategic leadership by top executives -- Developing leadership skills -- Ethical leadership and diversity -- Overview and integration.
650 #0 - SUBJECTS
Topical Term Leadership.
650 #0 - SUBJECTS
Topical Term Decision making.
650 #0 - SUBJECTS
Topical Term Organization.
942 ## - ADDED ENTRY ELEMENTS (KOHA)
Koha item type Books
Holdings
Withdrawn status Lost status Collection code Home library Current library Shelving location Date acquired Full call number Accession Number Koha item type
    Reference Methodist University Library Main Methodist University Library Main General Stacks 20/06/2018 HD57.7 .Y85 2006 27930 Books
    Reference Methodist University Library Main Methodist University Library Main General Stacks 20/06/2018 HD57.7 .Y85 2006 27928 Books
Copyright © 2026  MUG Library